000
00321nam a22001337a 4500
008
170412b xxu||||| |||| 00| 0 eng d
020
_a
9781929007257
041
_a
eng
080
_a
618
100
_a
10
101
_a
SHM
245
_a
NETTERS OBSTETRICS GYNECOLOGY AND WOMENS HEALTH
_c
SMITH.R.P
942
_2
udc
_c
BK
999
_c
10473
_d
10473